| 000 | 02027nam a2200313 a 4500 | ||
|---|---|---|---|
| 001 | 000046032 | ||
| 005 | 20201002052608.0 | ||
| 008 | 150612s2005 dr 000 j spa d | ||
| 020 | _a9993491276 | ||
| 040 |
_aDO-SdBNP _bspa _cBNPHU |
||
| 082 |
_axxxx _bxxxx |
||
| 111 | 1 |
_aPremio Internacional de Cuento _d(2005 : _cSanto Domingo, República Dominicana) _974099 |
|
| 245 | 1 | 0 |
_aTifoidea y otros cuentos / _cPremio Internacional de Cuento 2005 ; edición Vivian Lechuga. |
| 246 | 1 | 0 | _aTifoidea |
| 260 |
_aSanto Domingo : _bCasa de Teatro, _bAmiga del Hogar, _c2005. |
||
| 300 |
_a129 p. ; _c21 cm. |
||
| 505 | 0 |
_gPrimer premio : _tTifoidea / _rMaría Victoria Albornoz Vázquez (Colombia) -- _gSegundo premio : _tA pesar de la lluvia / _rInés Mendoza Añez (España) -- _gTercer premio : _tEl Color del "tsunami" / _rPilar Merino Martínez (Espana) -- _gPrimera mención : _tInterior con fotografía / _rGermán Gaviria Álvarez (Colombia) -- _gSegunda mención : _tCrónicas de buenas familias / _rLeo Silverio (República Dominicana) -- _gTercera mención : _tSueño americano uno / _rEduardo Lantigua (República Dominicana) -- _gCuarta mención : _tEl pasado / _rIgnacio del Valle Rodríguez (España) -- _gQuinta mención : _tLa Sombra del tigre / _rMiguel Terry Valdespino (Cuba) -- _gSexta Mención : _tSafari / _rMario Dávalos Perdomo (República Dominicana). |
|
| 586 | _aPremio Internacional de Cuento 2005 | ||
| 700 | 1 | 2 |
_aLechuga, Vivian, _eed. _910977 |
| 700 | 1 | 2 |
_aAlbornoz Vázquez, María Victoria _tTifoidea _974100 |
| 700 | 1 | 2 |
_aMendoza Añez, Inés _tA pesar de la lluvia _974101 |
| 700 | 1 | 2 |
_aMerino Martínez, Pilar _tColor del "tsunami" _974102 |
| 700 | 1 | 2 |
_aGaviria Álvarez, Germán _tInterior con fotografía _974103 |
| 700 | 1 | 2 |
_aSilverio, Leo _tCrónicas de buenas familias _974104 |
| 700 | 1 | 2 |
_aLantigua, Eduardo _tSueño americano uno _974105 |
| 700 | 1 | 2 |
_aValle Rodríguez, Ignacio del _tEl pasado _974106 |
| 700 | 1 | 2 |
_aValdespino, Miguel Terry _tSombra del tigre _974107 |
| 700 | 1 | 2 |
_aDávalos Perdomo, Mario _tSafari _974108 |
| 999 |
_c45521 _d45521 |
||